Educación, imágenes y estilos de desarrollo /
Saved in:
| Main Author: | |
|---|---|
| Format: | Text |
| Subjects: | |
| Tags: |
Add Tag
No Tags, Be the first to tag this record!
|
MARC
| LEADER | 00000 a a2200000 04500 | ||
|---|---|---|---|
| 001 | 16715 | ||
| 003 | |||
| 040 | |||
| 100 | |a Rama, Germán | ||
| 245 | |a Educación, imágenes y estilos de desarrollo / |c Germán Rama | ||
| 650 | |a EDUCACION | ||
| 650 | |a DESARROLLO SOCIAL | ||
| 650 | |a DESARROLLO ECONOMICO | ||
| 650 | |a CRECIMIENTO ECONOMICO | ||
| 650 | |a TEORIA DEL DESARROLLO | ||
| 650 | |a AMERICA LATINA | ||
| 773 | |g volumen 12, número 32; páginas 7-64 | ||
| 999 | |c 33876 |d 33876 | ||
